00578nam a2200157Ia 4500003000900000008004100009040001600050080001800066100002000084245012600104260005900230300001400289650003900303650003700342650004100379IN-BaIIA211028s9999 xx 000 0 eng d cIIA Library a081:52bWHI-1 aWhipple, Fred L 4aThe Collected contributions of Fred L.Whipplebvol. 1, meteors and comets and the interplanetary complexcFred L. Whipple aCambridgebSmithsonian Astrophysical Observatoryc1972 axv, 965p. a Collected Works-Fred L.Whipple  a Fred L.Whipple Collected Works aAstronomy and Astrophysics Thesaurus